000 00716nam a22002177a 4500
005 20230530055924.0
008 221223b |||||||| |||| 00| 0 eng d
020 _a978-0-19-969923-0
082 _aG.S. 658.4092 L434 2011
100 _aCarmichael, Jan
_eauthor
245 _aLeadership and management development /
_cJan Carmichael, Chris Collins, Peter Emsell, Jon Haydon
260 _aOxford, OX:
_bOxford University Press,
_cc2011.
300 _axvi, 399.;
_bill.
504 _aIncludes bibliographical references and index
541 _e3280
650 _aLeadership
650 _aManagement
700 _aCollins, Chris
_eauthor
700 _aEmsell, Peter
_eauthor
700 _aHaydon, Jon
_eauthor
999 _c441
_d441